书目信息 |
| 题名: |
高速碰撞动力学
|
|
| 作者: | 马晓青 , 韩峰 编著 | |
| 分册: | ||
| 出版信息: | 北京 国防工业出版社 1998.05 |
|
| 页数: | 323页 | |
| 开本: | 32开 | |
| 丛书名: | ||
| 单 册: | ||
| 中图分类: | O313.4 | |
| 科图分类: | ||
| 主题词: | 理论力学 , 一般力学 | |
| 电子资源: | ||
| ISBN: | 7-118-01821-X | |
| 000 | 00622nam0 2200217 45 | |
| 001 | 0104161478 | |
| 005 | 20010416143017.1 | |
| 010 | @a7-118-01821-X@d18.00元 | |
| 100 | @a20010416d1998 km y0chiy0120 ea | |
| 101 | 0 | @achi |
| 105 | @a z 000yy | |
| 200 | 1 | @a高速碰撞动力学@AGao Su Peng Zhuang Dong Li Xue@f马晓青,韩峰编著@FMa Xiao Qing,Han Feng Bian Zhu |
| 210 | @a北京@c国防工业出版社@d1998.05 | |
| 215 | @a323页@d32开 | |
| 606 | 0 | @a理论力学 |
| 606 | 0 | @a一般力学 |
| 690 | @aO313.4@v3 | |
| 701 | 0 | @a马晓青@4编著 |
| 701 | 0 | @a韩峰@4编著 |
| 801 | @aCN@bPftUser@c20010416 | |
| 905 | @b338658-659@dO313.4@eM694@f2 | |
| 高速碰撞动力学/马晓青,韩峰编著.-北京:国防工业出版社,1998.05 |
| 323页;32开 |
| ISBN 7-118-01821-X:18.00元 |
| ● |
| 相关链接 |
|
|
|
正题名:高速碰撞动力学
索取号:O313.4/M694
 
预约/预借
| 序号 | 登录号 | 条形码 | 馆藏地/架位号 | 状态 | 备注 |
| 1 | 338658 | 203386585 | 自科库401/401自科库 82排2列4层/ [索取号:O313.4/M694] | 在馆 | |
| 2 | 338659 | 203386594 | 自科二线504/504自科库 36排1列3层/ [索取号:O313.4/M694] | 在馆 |